MARC

LEADER 00000nam^a2200000^a^4500
001 000360226
005 20250521000000.0
009 20260310115419.684
037 |a Acervo Xavier Clavigero 
041 |a ESP 
082 |a 808.  |b AUS V. 429 
100 |a Dana, Richard Henry,  |c hijo  |e (autor) 
240 1 1 |a [Dos años al pie del mástil] 
245 1 0 |a Dos años al pie del mástil /  |c R.H. Dana, hijo ; tr. por C. de Rivas Cherif. 
264 4 |a Buenos Aires, Argentina :  |b Espasa-Calpe,  |c 1944, c1944 
300 |a 154 p. 
336 |a texto  |b txt  |2 rdacontenido 
337 |a sin mediación  |b n  |2 rdamedio 
338 |a volumen  |b nc  |2 rdasoporte 
440 1 |a (Austral ;  |v 429) 
500 |a Traducción de: Two Years before the Mast 
649 |a XX 
650 |a Marinos Norteamericanos -  |x Memorias 
650 |a Marinos -  |x Condiciones Laborales -  |x Tema Principal 
650 |a Escritores Norteamericanos -  |x Memorias 
650 |a Memorias Norteamericanas 
650 |a Libros de Viajes Norteamericanos 
650 |a Literatura Autobiográfica -  |z EUA 
650 |a Literatura Norteamericana -  |y Siglo XIX 
650 |a Viajes Marítimos 
650 |a Viajes y Travesías -  |z América 
650 |a Vida en el Mar -  |x Tema Principal 
650 |a California, EUA en la Literatura 
650 |a California, EUA -  |x Historia -  |y 1809-1845 
650 |a California, EUA -  |x Historia -  |y Siglo XIX 
650 |a EUA -  |x Historia -  |y 1809-1845 
650 |a EUA -  |x Historia -  |y Siglo XIX 
650 |a México en la Literatura 
650 |a México -  |x Historia -  |y Federalismo y Centralismo, 1824-1853 
650 |a México -  |x Historia -  |y Siglo XIX 
650 |a Polo Sur en la Literatura 
650 |a América -  |x Historia -  |y Siglo XIX 
650 |a Dana, Richard Henry,  |c hijo -  |x Tema Principal 
700 |a Rivas Cherif, Cipriano de  |e (traducción) 
910 |a Fondo General 
920 |a Impresos - Libros 
930 |a Colección General 
940 |a Literatura 
905 |a 101 
901 |a 061295  |b IT1  |c LIT  |u 20250521 
902 |a https://opac.biblio.iteso.mx/vufind/Record/000360226